000 00288nam a2200121Ia 4500
005 20251222143214.0
008 251222s9999||||xx |||||||||||||| ||spa||
082 _a200/D79
245 0 _aHambre de Dios, Hambre de Pan
250 _a1ra.ed.
264 _bDiocesis de Chimbote
942 _cLIB
999 _c13560
_d13560